000 00695nam a2200301Ia 4500
005 20260401122437.0
008 008 250103s9999 xx 000 0 eng d
020 _a9780521604444
037 _aTB
040 _aEDL
040 _beng
040 _cEDL
041 _2eng
041 _aeng
084 _a820.93LEA
084 _qEDL
100 _aLeask, Nigel
_91233561
245 0 _aBritish romantic writers and the east : Anxieties of Empire
245 0 _cLeask, Nigel
260 _aCambridge
260 _bCambridge University Press
260 _c1992
300 _a265p
942 _cTB
942 _h820.93LEA
999 _c1847326
_d1847326